Educación Básica de Adultos: II nivel, texto cuaderno del estudiante
Saved in:
| Main Authors: | , , , , , , , |
|---|---|
| Format: | Book |
| Language: | Spanish |
| Published: |
Santiago
MINEDUC
2000
|
| Series: | Area de Lenguaje y Comunicación
|
| Subjects: | |
| Tags: |
Add Tag
No Tags, Be the first to tag this record!
|
MARC
| LEADER | 00000nam a2200000 a 4500 | ||
|---|---|---|---|
| 001 | UCO9292 | ||
| 003 | CL-VaPUC | ||
| 008 | 010125e20000000CL |||||||||||||||||spa|d | ||
| 082 | 0 | 4 | |a 374.01 |b EGA |2 21 |
| 100 | 0 | |a Egaña Baraona, Loreto |e author |9 454400 | |
| 700 | |a Infante Roldán, María Isabel |e author |9 562504 | ||
| 700 | 0 | |a Carrasco Bertrand, María Isabel |e author |9 454402 | |
| 700 | 0 | |a Casassus Bulnes, Ana |e author |9 454403 | |
| 700 | 0 | |a Colomer Salazar, Carmen |e author |9 454404 | |
| 700 | 0 | |a Hahn Caballero, María Soledad |e author |9 454405 | |
| 700 | |a Infante Roldán, María Isabel |e author |9 562504 | ||
| 700 | 0 | |a Murúa Arroyo, Vivian |e author |9 454406 | |
| 700 | 0 | |a Pavez Ormazábal |e author |9 454407 | |
| 245 | 1 | 0 | |a Educación Básica de Adultos: II nivel, texto cuaderno del estudiante |
| 300 | |a 182 p | ||
| 942 | |c BK | ||
| 945 | |d 20010125 00:00:00 |a cmena | ||
| 260 | |a Santiago |b MINEDUC |c 2000 | ||
| 650 | 0 | |a Educación de adultos |9 307580 | |
| 650 | 0 | |a Educación básica |9 224933 | |
| 650 | 0 | |a Educación lingüística |9 306506 | |
| 650 | 0 | |a Métodos de enseñanza |9 270413 | |
| 583 | |a last modification |c 20010125 00:00:00 |k Rodrigo Vera | ||
| 490 | 0 | |a Area de Lenguaje y Comunicación | |
| 999 | |c 293553 |d 293551 | ||
| 952 | |0 0 |1 0 |4 0 |6 374_010000000000000_EGA_2000 |7 0 |8 A |9 345143 |a BIBEDU |b BIBEDU |d 2019-11-20 |i 3685977 |o 374.01 EGA 2000 |p 3685977 |r 2019-11-20 |w 2019-11-20 |y BK |k BME | ||